| 000 | 00344nam a2200133Ia 4500 | ||
|---|---|---|---|
| 008 | 130318s9999 xx 000 0 und d | ||
| 020 | _a8188449113 | ||
| 082 | _a570.2 KHA/E | ||
| 100 | _aKhan, Imtiyaz Alam | ||
| 245 | _aElementary bioinformatics | ||
| 260 |
_bPharma Book Syndicate _aHyderabad _c2005 |
||
| 300 | _a450 | ||
| 650 | _aBIOINFORMATICS | ||
| 999 |
_c1235 _d1235 |
||